Dilapidations in England and Wales, (Record no. 121547)

MARC details
000 -LEADER
fixed length control field 01216nam a22002417a 4500
008 - FIXED-LENGTH DATA ELEMENTS--GENERAL INFORMATION
fixed length control field 230622s2022 xxk|||||o|||| 00| 0 eng d
041 ## - LANGUAGE CODE
Language code of text/sound track or separate title eng
110 ## - MAIN ENTRY--CORPORATE NAME
Corporate author Royal Institution of Chartered Surveyors
245 ## - TITLE STATEMENT
Title Dilapidations in England and Wales,
Subtitle A clear impartial guide
Medium [Electronic resource]
260 ## - PUBLICATION INFORMATION
Place of publication London,
Publisher Royal Institution of Chartered Surveyors,
Date 26 April 2022
300 ## - PHYSICAL DESCRIPTION
Physical description 16p.
490 ## - SERIES TITLE
Series statement RICS Consumer Guide
520 ## - ABSTRACT
Abstract This guide provides information for tenants and landlords on things to consider when dealing with a dilapidations claim made by a landlord at or near the end of the lease term. It focuses on the basics of the dilapidations process only and does not deal specifically with leases that end because of the exercising of a break clause.
650 ## - KEYWORDS
Keywords DILAPIDATIONS
650 ## - KEYWORDS
Keywords LANDLORD AND TENANT
650 ## - KEYWORDS
Keywords RESIDENTIAL PROPERTY
651 ## - SUBJECT ADDED ENTRY--GEOGRAPHIC NAME
Geographic name United Kingdom
690 ## - BROAD SUBJECT
9 (RLIN) 6266
Broad subject Residential property
690 ## - BROAD SUBJECT
9 (RLIN) 6235
Broad subject Dilapidations
710 ## - ADDED CORPORATE NAME
Added corporate author Royal Institution of Chartered Surveyors
856 ## - ONLINE RESOURCE
Uniform Resource Identifier <a href="https://www.ricsfirms.com/residential/maintenance/rics-consumer-guide-dilapidations/">https://www.ricsfirms.com/residential/maintenance/rics-consumer-guide-dilapidations/</a>
Public note Available on rics.org/consumerguides
942 ## - ADDED ENTRY ELEMENTS (KOHA)
Suppress in OPAC Do not suppress in OPAC
Holdings
Lost status Damaged status Not for loan Home library Current library Shelving location Date acquired Total Checkouts Full call number Date last seen Price effective from Koha item type
      Virtual Virtual Online 22/06/2023   ONLINE PUBLICATION 22/06/2023 22/06/2023 Online material